[Event "Gausdal Bygger'n Masters"]
[Site "Gausdal NOR"]
[Date "2005.10.04"]
[Round "4.21"]
[White "Astrup, Hakon"]
[Black "Lie, Terje"]
[Result "1-0"]
[WhiteElo "1943"]
[BlackElo "1178"]
[PlyCount "102"]
[EventDate "2005.10.01"]
[EventType "swiss"]
[EventRounds "9"]
[EventCountry "NOR"]
[Source "lmi"]
[SourceDate "2005.10.05"]

1. d4 Nf6 2. c4 e6 3. Nf3 b6 4. Nc3 Bb4 5. Bg5 Bb7 6. e3 h6 7. Bh4 g5 8. Bg3
Ne4 9. Qc2 Nxg3 10. hxg3 Qf6 11. Be2 Nc6 12. a3 Bxc3+ 13. Qxc3 O-O-O 14. c5 Kb8
15. Rc1 g4 16. Nd2 h5 17. b4 Rc8 18. Bc4 Ne7 19. Rh2 h4 20. gxh4 Rxh4 21. Rxh4
Qxh4 22. g3 Qh8 23. Qd3 f5 24. Ba6 Qh1+ 25. Nf1 Ng8 26. Bxb7 Kxb7 27. b5 c6 28.
a4 Nf6 29. Qa3 Qd5 30. cxb6 axb6 31. a5 Qxb5 32. axb6 Qxb6 33. Nd2 Ra8 34. Qe7
Qd8 35. Rb1+ Kc8 36. Qb4 Qc7 37. Nc4 Kd8 38. Qf8+ Ne8 39. Ne5 Qa5+ 40. Kf1 Kc7
41. Qe7 Qd5 42. Kg1 Qd6 43. Qf7 Qd5 44. Nxd7 Nd6 45. Qh7 Rh8 46. Qxh8 Kxd7 47.
Rb8 e5 48. dxe5 Qd1+ 49. Kh2 Qc2 50. Qd8+ Ke6 51. Qxd6+ Kf7 1-0

[Event "Gausdal Bygger'n Masters"]
[Site "Gausdal NOR"]
[Date "2005.10.04"]
[Round "4.22"]
[White "Jacobsen, Maria Pitz"]
[Black "Bryn, Askild"]
[Result "0-1"]
[WhiteElo "1336"]
[BlackElo "2019"]
[PlyCount "82"]
[EventDate "2005.10.01"]
[EventType "swiss"]
[EventRounds "9"]
[EventCountry "NOR"]
[Source "lmi"]
[SourceDate "2005.10.05"]

1. e4 c6 2. d4 d5 3. Nc3 dxe4 4. Nxe4 Bf5 5. Ng3 Bg6 6. Bc4 e6 7. Nf3 Bd6 8.
Ne5 Bxe5 9. dxe5 Qa5+ 10. c3 Qxe5+ 11. Qe2 Qxe2+ 12. Kxe2 Nd7 13. Be3 Nb6 14.
Bxb6 axb6 15. Bb3 Nf6 16. c4 Ke7 17. Rad1 Nd7 18. a3 Nc5 19. Ba2 Na4 20. Rd2
Rhd8 21. Rhd1 Rxd2+ 22. Rxd2 Rd8 23. Nf1 Rxd2+ 24. Nxd2 Nxb2 25. g3 Na4 26. Ke3
Nc3 27. Bb3 Nb1 28. Nxb1 Bxb1 29. f4 Kd6 30. Kf3 Kc5 31. Ke3 f6 32. h3 Bg6 33.
g4 h6 34. h4 Bf7 35. Ke4 Bg6+ 36. Ke3 Bb1 37. g5 fxg5 38. hxg5 hxg5 39. fxg5 e5
40. Kd2 Kd4 41. Kc1 Bd3 0-1

[Event "Gausdal Bygger'n Masters"]
[Site "Gausdal NOR"]
[Date "2005.10.04"]
[Round "4.23"]
[White "Pettersen, Joar Gullestad"]
[Black "Carlsen, Ellen Oen"]
[Result "0-1"]
[WhiteElo "2050"]
[BlackElo "1866"]
[PlyCount "68"]
[EventDate "2005.10.01"]
[EventType "swiss"]
[EventRounds "9"]
[EventCountry "NOR"]
[Source "lmi"]
[SourceDate "2005.10.05"]

1. e4 c5 2. a3 Nc6 3. b4 Nf6 4. Nc3 e6 5. b5 Ne5 6. d4 cxd4 7. Qxd4 Qc7 8. Bb2
Bc5 9. Qd2 Neg4 10. Nh3 b6 11. g3 Bb7 12. Bg2 O-O 13. O-O Rac8 14. Rad1 Rfd8
15. Rfe1 Bxa3 16. Bxa3 Qxc3 17. Be7 Re8 18. Bxf6 Qxd2 19. Rxd2 Nxf6 20. e5 Bxg2
21. Kxg2 Nd5 22. Ra1 Rc7 23. f4 Nc3 24. Ng5 h6 25. Nh3 Nxb5 26. Nf2 Nc3 27. Ra3
Rec8 28. Kf1 a5 29. Rd6 Nd5 30. Kg1 Kf8 31. Ne4 Ke7 32. c3 f5 33. Nd2 Rxc3 34.
Rxc3 Rxc3 0-1

[Event "Gausdal Bygger'n Masters"]
[Site "Gausdal NOR"]
[Date "2005.10.04"]
[Round "4.24"]
[White "Johansson, Per"]
[Black "Haugstad, Espen"]
[Result "1/2-1/2"]
[WhiteElo "2005"]
[BlackElo "1607"]
[PlyCount "52"]
[EventDate "2005.10.01"]
[EventType "swiss"]
[EventRounds "9"]
[EventCountry "NOR"]
[Source "lmi"]
[SourceDate "2005.10.05"]

1. d4 Nf6 2. Nf3 g6 3. c4 Bg7 4. g3 O-O 5. Bg2 d5 6. cxd5 Nxd5 7. O-O Nb6 8.
Nc3 Nc6 9. e3 Re8 10. Qe2 e5 11. dxe5 Nxe5 12. Nxe5 Bxe5 13. Rd1 Qe7 14. e4 c6
15. f4 Bg7 16. Be3 Be6 17. Qf2 Nc4 18. Bd4 Bf8 19. b3 c5 20. bxc4 cxd4 21. Nd5
Bxd5 22. cxd5 Qb4 23. Rab1 Qa5 24. Qd2 Qxd2 25. Rxd2 b6 26. Kf1 Bc5 1/2-1/2

[Event "Gausdal Bygger'n Masters"]
[Site "Gausdal NOR"]
[Date "2005.10.04"]
[Round "4.25"]
[White "White, Kevin"]
[Black "Getz, Nicolai"]
[Result "1/2-1/2"]
[WhiteElo "2069"]
[BlackElo "1913"]
[PlyCount "68"]
[EventDate "2005.10.01"]
[EventType "swiss"]
[EventRounds "9"]
[EventCountry "NOR"]
[Source "lmi"]
[SourceDate "2005.10.05"]

1. Nf3 Nf6 2. c4 e6 3. g3 c5 4. Bg2 Nc6 5. O-O d5 6. cxd5 exd5 7. d4 Bf5 8. Nc3
Rc8 9. Bg5 Be4 10. Bh3 Rb8 11. e3 Be7 12. dxc5 O-O 13. Nd2 Bd3 14. Re1 Nb4 15.
Nb3 Bc4 16. a3 Nd3 17. Re2 Nxc5 18. Nxc5 Bxe2 19. Nxb7 Bxd1 20. Nxd8 Rfxd8 21.
Nxd1 h6 22. Bf4 Bd6 23. Bxd6 Rxd6 24. b4 a5 25. bxa5 Ra6 26. Nc3 Rxa5 27. a4
Rb3 28. Nd1 Rb4 29. Nc3 Rc4 30. Ra3 Rac5 31. Ne2 Ra5 32. Nc3 Ne4 33. Nxe4 dxe4
34. Bd7 Rc7 1/2-1/2

[Event "Gausdal Bygger'n Masters"]
[Site "Gausdal NOR"]
[Date "2005.10.05"]
[Round "4.26"]
[White "Karlsson, Lars"]
[Black "Breivik, Lars"]
[Result "1-0"]
[WhiteElo "2501"]
[BlackElo "2236"]
[PlyCount "101"]
[EventDate "2005.10.01"]
[EventType "swiss"]
[EventRounds "9"]
[EventCountry "NOR"]
[Source "lmi"]
[SourceDate "2005.10.05"]

1. f4 d5 2. Nf3 c5 3. e3 Nc6 4. Bb5 Qb6 5. a4 a6 6. a5 Qc7 7. Bxc6+ Qxc6 8. b3
d4 9. Bb2 Qe4 10. O-O dxe3 11. Nc3 e2 12. Nxe2 Nf6 13. Ne5 Bf5 14. d3 Qe3+ 15.
Kh1 Ng4 16. Ng3 Nf2+ 17. Rxf2 Qxf2 18. Nxf5 Qxf4 19. Ng3 f6 20. Ra4 Qg5 21. Rg4
Qh6 22. Nf3 O-O-O 23. Bc1 g5 24. Be3 e5 25. Rc4 Kb8 26. Nd2 Qg6 27. Qf1 h5 28.
Qf5 Qg7 29. Qf2 h4 30. Nf5 Qc7 31. Bxc5 Qxa5 32. Ba7+ Ka8 33. Bb6 Qa1+ 34. Qg1
Qxg1+ 35. Kxg1 Re8 36. Ne4 Ba3 37. Kf2 Re6 38. Be3 Kb8 39. Ra4 Bf8 40. Ke2 Rh5
41. h3 Rh8 42. c4 Rh7 43. c5 Rc7 44. Kf3 Rec6 45. b4 Rd7 46. Ned6 Kc7 47. Ke4
Bxd6 48. cxd6+ Kd8 49. Bc5 Ke8 50. Kd5 Kf7 51. Ne7 1-0

[Event "Gausdal Bygger'n Masters"]
[Site "Gausdal NOR"]
[Date "2005.10.05"]
[Round "5.2"]
[White "Kulaots, Kaido"]
[Black "Bentsen, Oyvind"]
[Result "1-0"]
[WhiteElo "2558"]
[BlackElo "2146"]
[PlyCount "79"]
[EventDate "2005.10.01"]
[EventType "swiss"]
[EventRounds "9"]
[EventCountry "NOR"]
[Source "lmi"]
[SourceDate "2005.10.05"]

1. e4 e5 2. Nf3 Nc6 3. Bb5 Nf6 4. d3 d6 5. O-O Be7 6. c3 O-O 7. Nbd2 a6 8. Ba4
Bg4 9. h3 Bh5 10. g4 Bg6 11. Bxc6 bxc6 12. Nc4 Nd7 13. Ne3 Nc5 14. Nf5 Bxf5 15.
gxf5 f6 16. b4 Nd7 17. Kh2 a5 18. Rg1 Rf7 19. Qb3 d5 20. Be3 a4 21. Qc2 c5 22.
b5 dxe4 23. dxe4 Nb6 24. Qe2 Bd6 25. Nd2 Qe8 26. Rab1 Rd7 27. h4 Qf7 28. c4 Kh8
29. h5 Bf8 30. Rg3 Rad8 31. Rbg1 Rd3 32. h6 gxh6 33. Qg4 Be7 34. Qg7+ Qxg7 35.
Rxg7 Rxe3 36. fxe3 Rxd2+ 37. Kh3 Rd8 38. Rxe7 Nxc4 39. Rxc7 Nxe3 40. b6 1-0

[Event "Gausdal Bygger'n Masters"]
[Site "Gausdal NOR"]
[Date "2005.10.05"]
[Round "5.4"]
[White "Brynell, Stellan"]
[Black "Karlsson, Lars"]
[Result "1/2-1/2"]
[WhiteElo "2496"]
[BlackElo "2501"]
[PlyCount "28"]
[EventDate "2005.10.01"]
[EventType "swiss"]
[EventRounds "9"]
[EventCountry "NOR"]
[Source "lmi"]
[SourceDate "2005.10.05"]

1. d4 f5 2. g3 Nf6 3. Bg2 e6 4. Nf3 d5 5. O-O Be7 6. c4 O-O 7. b3 c6 8. Ba3 b6
9. Bxe7 Qxe7 10. Ne5 Bb7 11. Nd2 Nbd7 12. Ndf3 Rac8 13. Nxd7 Nxd7 14. cxd5 cxd5
1/2-1/2

[Event "Gausdal Bygger'n Masters"]
[Site "Gausdal NOR"]
[Date "2005.10.05"]
[Round "5.5"]
[White "Bryn, Askild"]
[Black "Vea, Odin Blikra"]
[Result "0-1"]
[WhiteElo "2019"]
[BlackElo "2090"]
[PlyCount "78"]
[EventDate "2005.10.01"]
[EventType "swiss"]
[EventRounds "9"]
[EventCountry "NOR"]
[Source "lmi"]
[SourceDate "2005.10.05"]

1. b3 e5 2. Bb2 Nc6 3. e3 d5 4. Bb5 Bd6 5. Nf3 Qe7 6. d4 e4 7. Nfd2 a6 8. Be2
Nd8 9. c4 c6 10. Nc3 Nf6 11. O-O b5 12. Re1 h5 13. f3 Bxh2+ 14. Kxh2 Ng4+ 15.
Kg1 Qh4 16. fxg4 hxg4 17. Nf1 g3 18. Nxg3 Qxg3 19. Bf3 Qh2+ 20. Kf1 Qh1+ 21.
Kf2 Qh4+ 22. g3 Qf6 23. Rh1 Rxh1 24. Qxh1 Bg4 25. cxd5 Qxf3+ 26. Qxf3 Bxf3 27.
dxc6 Nxc6 28. Nd5 Rb8 29. Nc7+ Kd7 30. Nxa6 Rh8 31. Bc3 Rh2+ 32. Kf1 Ne7 33.
Nc5+ Ke8 34. a4 b4 35. Be1 Nd5 36. Bf2 Rh1+ 37. Bg1 Nxe3+ 38. Kf2 Ng4+ 39. Kf1
e3 0-1

[Event "Gausdal Bygger'n Masters"]
[Site "Gausdal NOR"]
[Date "2005.10.05"]
[Round "5.6"]
[White "Myhrvold, Rune"]
[Black "Johansson, Per"]
[Result "1-0"]
[WhiteElo "2164"]
[BlackElo "2005"]
[PlyCount "39"]
[EventDate "2005.10.01"]
[EventType "swiss"]
[EventRounds "9"]
[EventCountry "NOR"]
[Source "lmi"]
[SourceDate "2005.10.05"]

1. e4 c6 2. d4 d5 3. f3 dxe4 4. fxe4 e5 5. Nf3 Be6 6. c3 Nf6 7. Nbd2 Nbd7 8.
Be2 h6 9. O-O Bd6 10. Bc4 Qe7 11. Qb3 b5 12. Bxe6 Qxe6 13. Qxe6+ fxe6 14. a4
O-O 15. axb5 cxb5 16. Ra6 Nb6 17. dxe5 Bc5+ 18. Nd4 b4 19. exf6 e5 20. N2b3 1-0

[Event "Gausdal Bygger'n Masters"]
[Site "Gausdal NOR"]
[Date "2005.10.05"]
[Round "5.7"]
[White "Carlsen, Ellen Oen"]
[Black "Bentsen, Hakon"]
[Result "0-1"]
[WhiteElo "1866"]
[BlackElo "2158"]
[PlyCount "90"]
[EventDate "2005.10.01"]
[EventType "swiss"]
[EventRounds "9"]
[EventCountry "NOR"]
[Source "lmi"]
[SourceDate "2005.10.05"]

1. e4 e5 2. Nf3 Nc6 3. Bb5 a6 4. Ba4 Nf6 5. O-O Nxe4 6. d4 b5 7. Bb3 d5 8. dxe5
Be6 9. c3 Bc5 10. Be3 Bxe3 11. fxe3 O-O 12. Nbd2 Nxd2 13. Qxd2 Na5 14. Bc2 Nc4
15. Qc1 Bg4 16. b3 Bxf3 17. Rxf3 Nxe5 18. Rh3 f5 19. Qf1 g6 20. Qf4 Qe7 21. Rg3
Kh8 22. Rd1 c6 23. Qd4 c5 24. Qd2 Rad8 25. Qe2 Ng4 26. Re1 Nf6 27. Rf3 Ne4 28.
Bxe4 dxe4 29. Rff1 Rd3 30. Rc1 Rfd8 31. Rfd1 Qg5 32. h3 Rxd1+ 33. Rxd1 Rxd1+
34. Qxd1 Qxe3+ 35. Kh2 Qd3 36. Qa1 Qd6+ 37. Kh1 e3 38. c4+ Qd4 39. Qe1 f4 40.
Qh4 Qd6 41. Qg4 Kg7 42. cxb5 axb5 43. Qe2 Qd2 44. Qf3 e2 45. Qb7+ Kh6 0-1

[Event "Gausdal Bygger'n Masters"]
[Site "Gausdal NOR"]
[Date "2005.10.05"]
[Round "5.8"]
[White "Svensen, Tarjei J"]
[Black "Svendsen, Bertil"]
[Result "0-1"]
[WhiteElo "2112"]
[BlackElo "2205"]
[PlyCount "50"]
[EventDate "2005.10.01"]
[EventType "swiss"]
[EventRounds "9"]
[EventCountry "NOR"]
[Source "lmi"]
[SourceDate "2005.10.05"]

1. d4 Nf6 2. Bg5 e6 3. e4 h6 4. Bxf6 Qxf6 5. Nc3 d6 6. Qd2 g5 7. O-O-O Bg7 8.
g3 g4 9. h3 h5 10. hxg4 hxg4 11. Rxh8+ Bxh8 12. Nb5 Na6 13. e5 dxe5 14. dxe5
Qe7 15. Qf4 Kf8 16. Qxg4 Bxe5 17. Nf3 Bf6 18. Nbd4 c5 19. Bxa6 cxd4 20. Qe4 Rb8
21. Bc4 b5 22. Bb3 Bb7 23. Qd3 Bxf3 24. Qxf3 a5 25. Qf4 Bg5 0-1

[Event "Gausdal Bygger'n Masters"]
[Site "Gausdal NOR"]
[Date "2005.10.05"]
[Round "5.9"]
[White "Getz, Nicolai"]
[Black "Harstad, Christian"]
[Result "0-1"]
[WhiteElo "1913"]
[BlackElo "2078"]
[PlyCount "62"]
[EventDate "2005.10.01"]
[EventType "swiss"]
[EventRounds "9"]
[EventCountry "NOR"]
[Source "lmi"]
[SourceDate "2005.10.05"]

1. e4 e5 2. Nf3 Nc6 3. Bc4 Nf6 4. d3 Be7 5. c3 O-O 6. O-O d6 7. h3 Na5 8. Bb5
a6 9. Ba4 b5 10. Bc2 c5 11. Re1 h6 12. Nbd2 Nc6 13. Nf1 Re8 14. Ng3 Bf8 15. Nh2
d5 16. Qf3 d4 17. Ng4 Nxg4 18. hxg4 g6 19. Bb3 Ra7 20. Bd5 Rc7 21. Bd2 Qh4 22.
g5 Bg7 23. Ne2 hxg5 24. g3 Qh6 25. cxd4 exd4 26. Qg2 Bh3 27. Qh1 Ne5 28. Bxg5
Qh5 29. f4 Nxd3 30. b3 Nxe1 31. Rxe1 d3 0-1

[Event "Gausdal Bygger'n Masters"]
[Site "Gausdal NOR"]
[Date "2005.10.05"]
[Round "5.10"]
[White "Pettersen, Joar Gullestad"]
[Black "Haugstad, Espen"]
[Result "1-0"]
[WhiteElo "2050"]
[BlackElo "1607"]
[PlyCount "83"]
[EventDate "2005.10.01"]
[EventType "swiss"]
[EventRounds "9"]
[EventCountry "NOR"]
[Source "lmi"]
[SourceDate "2005.10.05"]

1. e4 d5 2. exd5 Nf6 3. d4 Nxd5 4. c4 Nb6 5. Nc3 e5 6. dxe5 Nc6 7. Qxd8+ Kxd8
8. Bg5+ Be7 9. O-O-O+ Ke8 10. Bxe7 Kxe7 11. f4 Be6 12. b3 a6 13. Nf3 Rad8 14.
Be2 h6 15. Ne4 Rhe8 16. Kb2 Bf5 17. Nc5 Bc8 18. Kc3 Nd7 19. Nxd7 Bxd7 20. Nd4
Nxd4 21. Rxd4 Bc6 22. Rg1 Rxd4 23. Kxd4 Rd8+ 24. Ke3 g6 25. g3 Ke6 26. Bg4+ Ke7
27. Rd1 Rg8 28. Rd2 h5 29. Bh3 Rb8 30. f5 gxf5 31. Bxf5 Rg8 32. Rd4 Rg5 33. Kf4
Rg8 34. Be4 Rg4+ 35. Ke3 Bxe4 36. Rxe4 Rg5 37. Kf4 Rg8 38. Kf5 Rd8 39. Re2 Rg8
40. Rd2 a5 41. Rd5 b6 42. c5 1-0

[Event "Gausdal Bygger'n Masters"]
[Site "Gausdal NOR"]
[Date "2005.10.05"]
[Round "5.11"]
[White "Agdestein, Emil"]
[Black "Astrup, Hakon"]
[Result "1/2-1/2"]
[WhiteElo "2057"]
[BlackElo "1943"]
[PlyCount "43"]
[EventDate "2005.10.01"]
[EventType "swiss"]
[EventRounds "9"]
[EventCountry "NOR"]
[Source "lmi"]
[SourceDate "2005.10.05"]

1. e4 c6 2. Nf3 d5 3. exd5 cxd5 4. Ne5 Nc6 5. Bb5 Bd7 6. Nxd7 Qxd7 7. d4 a6 8.
Be2 e6 9. Bf4 Bd6 10. Bxd6 Qxd6 11. O-O Nf6 12. c3 O-O 13. Nd2 Rac8 14. Re1 b5
15. Bd3 Na5 16. Nf3 Rc7 17. Ne5 Rb8 18. a3 Nc4 19. Qc2 Qb6 20. b3 Nd6 21. Re3
Rbc8 22. f3 1/2-1/2

[Event "Gausdal Bygger'n Masters"]
[Site "Gausdal NOR"]
[Date "2005.10.05"]
[Round "5.12"]
[White "Bjorgvik, Jan Arne"]
[Black "Sjol, Henrik"]
[Result "1/2-1/2"]
[WhiteElo "2119"]
[BlackElo "1656"]
[PlyCount "33"]
[EventDate "2005.10.01"]
[EventType "swiss"]
[EventRounds "9"]
[EventCountry "NOR"]
[Source "lmi"]
[SourceDate "2005.10.05"]

1. e4 c6 2. d4 d5 3. e5 Bf5 4. Bd3 Bxd3 5. Qxd3 e6 6. Nf3 Nd7 7. O-O c5 8. c3
Ne7 9. Bg5 Qc7 10. Na3 Nc8 11. Rac1 c4 12. Qb1 a6 13. Nc2 Be7 14. Rfe1 b5 15.
a3 Nb8 16. Bxe7 Nxe7 17. Ne3 1/2-1/2

[Event "Gausdal Bygger'n Masters"]
[Site "Gausdal NOR"]
[Date "2005.10.05"]
[Round "5.13"]
[White "Nilsen, Jarle"]
[Black "Jacobsen, Maria Pitz"]
[Result "1-0"]
[WhiteElo "1632"]
[BlackElo "1336"]
[PlyCount "65"]
[EventDate "2005.10.01"]
[EventType "swiss"]
[EventRounds "9"]
[EventCountry "NOR"]
[Source "lmi"]
[SourceDate "2005.10.05"]

1. d4 Nf6 2. Nf3 g6 3. Bf4 Bg7 4. e3 d6 5. Bd3 Nbd7 6. h3 b6 7. Nbd2 Bb7 8. c3
c5 9. O-O O-O 10. Qe2 d5 11. Rad1 Re8 12. Ne5 Nh5 13. Bh2 Nxe5 14. dxe5 Bh8 15.
g4 Ng7 16. f4 d4 17. f5 dxc3 18. bxc3 Qc8 19. e6 Nxe6 20. fxe6 Qxe6 21. Bc4 Bd5
22. Bxd5 Qxd5 23. c4 Qc6 24. Qf3 Qe6 25. Qe4 Qxe4 26. Nxe4 Rad8 27. Ng5 f6 28.
Ne6 Rxd1 29. Rxd1 Kf7 30. Nc7 e6 31. Nxe8 Kxe8 32. Bb8 a6 33. Bc7 1-0

[Event "Gausdal Bygger'n Masters"]
[Site "Gausdal NOR"]
[Date "2005.10.05"]
[Round "5.14"]
[White "Reppen, Sigmund"]
[Black "Fossum, Oystein Boyum"]
[Result "1-0"]
[WhiteElo "1916"]
[BlackElo "2247"]
[PlyCount "77"]
[EventDate "2005.10.01"]
[EventType "swiss"]
[EventRounds "9"]
[EventCountry "NOR"]
[Source "lmi"]
[SourceDate "2005.10.05"]

1. e4 c5 2. Nf3 e6 3. d4 cxd4 4. Nxd4 a6 5. Nc3 Qc7 6. Bd3 Nf6 7. O-O Nc6 8.
Be3 h5 9. h3 Ne5 10. f4 Nc4 11. Bxc4 Qxc4 12. Qd3 Qxd3 13. cxd3 d6 14. Rac1 Be7
15. Rc2 Nd7 16. Nb3 b6 17. d4 Bb7 18. Rfc1 d5 19. e5 O-O 20. Na4 Rfc8 21. Rc7
Rxc7 22. Rxc7 Bc8 23. Nxb6 Nxb6 24. Rxe7 Kf8 25. Rc7 Na4 26. Bc1 Ke8 27. Na5
Bd7 28. Nb7 f5 29. b3 Nb6 30. Ba3 Rc8 31. Nd6+ Kd8 32. Rxd7+ Nxd7 33. Nxc8 Kxc8
34. Kf2 Kd8 35. Kg3 Ke8 36. Kh4 g6 37. Kg5 Kf7 38. Bd6 Nb6 39. a4 1-0

[Event "Gausdal Bygger'n Masters"]
[Site "Gausdal NOR"]
[Date "2005.10.05"]
[Round "5.15"]
[White "Seret, Jean-Luc"]
[Black "Ferkingstad, Sjur"]
[Result "1-0"]
[WhiteElo "2391"]
[BlackElo "2239"]
[PlyCount "75"]
[EventDate "2005.10.01"]
[EventType "swiss"]
[EventRounds "9"]
[EventCountry "NOR"]
[Source "lmi"]
[SourceDate "2005.10.05"]

1. e4 e6 2. d3 d5 3. Nd2 Nf6 4. Ngf3 c5 5. g3 Nc6 6. Bg2 Be7 7. O-O O-O 8. Re1
b5 9. exd5 exd5 10. Nb3 a5 11. a4 b4 12. Be3 Qb6 13. c4 bxc3 14. bxc3 Ng4 15.
Bf4 c4 16. Nbd4 Bf6 17. Rb1 Qa6 18. h3 Nxd4 19. cxd4 Nh6 20. g4 Bd8 21. dxc4
dxc4 22. Ne5 Ra7 23. Nc6 Rd7 24. Nb8 Qf6 25. Nxd7 Bxd7 26. Qc1 Qa6 27. Bb7 Qg6
28. Qxc4 Nxg4 29. hxg4 Bxg4 30. Bg3 h5 31. Be4 Qg5 32. Qc1 Qf6 33. Qf4 Qa6 34.
Qd6 Qc4 35. Rb8 Qc3 36. Qxf8+ Kxf8 37. Bd6+ Ke8 38. Bc6# 1-0

[Event "Gausdal Bygger'n Masters"]
[Site "Gausdal NOR"]
[Date "2005.10.05"]
[Round "5.16"]
[White "Gilbert, Jessie"]
[Black "Hammer, Jon Ludvig"]
[Result "0-1"]
[WhiteElo "2148"]
[BlackElo "2278"]
[PlyCount "77"]
[EventDate "2005.10.01"]
[EventType "swiss"]
[EventRounds "9"]
[EventCountry "NOR"]
[Source "lmi"]
[SourceDate "2005.10.05"]

1. d4 e6 2. c4 b6 3. e4 Bb7 4. Bd3 Nc6 5. Ne2 Nb4 6. O-O g6 7. Nbc3 Nxd3 8.
Qxd3 Bg7 9. Be3 Ne7 10. f4 d6 11. Ng3 f5 12. exf5 Nxf5 13. Nxf5 exf5 14. d5 O-O
15. Bd4 Bc8 16. Nb5 Bd7 17. Bxg7 Kxg7 18. Nd4 Qf6 19. Rae1 Rfe8 20. b3 a5 21.
a4 Kf8 22. Nb5 Bxb5 23. cxb5 Rxe1 24. Rxe1 Re8 25. Rxe8+ Kxe8 26. Kf2 Kd8 27.
Qd2 Qa1 28. Kg3 Qb1 29. Qc3 Kc8 30. Qe3 Qd1 31. Qe8+ Kb7 32. Qc6+ Kb8 33. Qc4
Qg4+ 34. Kf2 Qh4+ 35. Kf3 Qxh2 36. Qc6 Qh5+ 37. Ke3 Qh4 38. Qe8+ Ka7 39. Qd7
0-1

[Event "Gausdal Bygger'n Masters"]
[Site "Gausdal NOR"]
[Date "2005.10.05"]
[Round "5.17"]
[White "Kvisla, Johannes Luangtep"]
[Black "Aarland, Stein Arild"]
[Result "0-1"]
[WhiteElo "2123"]
[BlackElo "2278"]
[PlyCount "98"]
[EventDate "2005.10.01"]
[EventType "swiss"]
[EventRounds "9"]
[EventCountry "NOR"]
[Source "lmi"]
[SourceDate "2005.10.05"]

1. d4 d5 2. c4 e6 3. Nf3 Nf6 4. Nc3 Bb4 5. Bd2 O-O 6. g3 dxc4 7. Bg2 Nc6 8. Qa4
Bd7 9. O-O a6 10. a3 b5 11. Qc2 Bd6 12. e4 e5 13. dxe5 Nxe5 14. Nxe5 Bxe5 15.
Rad1 Qc8 16. Bg5 Bh3 17. f4 Bxc3 18. bxc3 Bxg2 19. Qxg2 Qe6 20. e5 Ng4 21. Qf3
f6 22. exf6 Nxf6 23. Rfe1 Qb6+ 24. Kg2 Rae8 25. Rxe8 Rxe8 26. Bxf6 Qxf6 27.
Qd5+ Kf8 28. Qc5+ Kg8 29. Qd5+ Qe6 30. Qxe6+ Rxe6 31. Kf2 Kf7 32. Rd7+ Re7 33.
Rd8 a5 34. Rd5 c6 35. Rc5 Rd7 36. a4 Rd2+ 37. Ke3 Rd3+ 38. Ke4 Rxc3 39. axb5
cxb5 40. Rxb5 a4 41. Ra5 Ra3 42. Rc5 c3 43. Rc4 Ke6 44. g4 Rb3 45. Rxa4 c2 46.
Rc4 Rb4 47. Rxb4 c1=Q 48. Rb6+ Kd7 49. Rb7+ Kd6 0-1

[Event "Gausdal Bygger'n Masters"]
[Site "Gausdal NOR"]
[Date "2005.10.05"]
[Round "5.18"]
[White "Lie, Terje"]
[Black "Aandal, Kristian"]
[Result "0-1"]
[WhiteElo "1178"]
[BlackElo "1941"]
[PlyCount "86"]
[EventDate "2005.10.01"]
[EventType "swiss"]
[EventRounds "9"]
[EventCountry "NOR"]
[Source "lmi"]
[SourceDate "2005.10.05"]

1. d4 Nf6 2. c4 c5 3. d5 Ne4 4. f3 Qa5+ 5. Bd2 Nxd2 6. Qxd2 Qxd2+ 7. Nxd2 g6 8.
e4 d6 9. Bd3 Bg7 10. Rb1 Nd7 11. Ne2 b6 12. O-O Ne5 13. Bc2 O-O 14. h3 Ba6 15.
b3 g5 16. Ng3 b5 17. Nf5 Bf6 18. Ne3 Ng6 19. cxb5 Bxb5 20. Ndc4 Bd4 21. Rfe1
Bxc4 22. bxc4 Ne5 23. Kh1 Bxe3 24. Rxe3 Nxc4 25. Re2 Rab8 26. Bb3 Rb6 27. Rf1
Ne5 28. f4 gxf4 29. Rxf4 c4 30. Bc2 Rb2 31. a4 Rfb8 32. Kh2 Ra2 33. Rff2 Rbb2
34. Kg3 c3 35. Kf4 Nc4 36. Kf3 Na3 37. Bb3 Rxb3 38. Rxa2 c2+ 39. Kg4 c1=Q 40.
Rae2 h5+ 41. Kf5 Qh6 42. e5 Rb4 43. Rf3 Qg6# 0-1

[Event "Gausdal Bygger'n Masters"]
[Site "Gausdal NOR"]
[Date "2005.10.05"]
[Round "5.19"]
[White "Nordstrom, Felix"]
[Black "Westerinen, Heikki M.J"]
[Result "0-1"]
[WhiteElo "2184"]
[BlackElo "2410"]
[PlyCount "89"]
[EventDate "2005.10.01"]
[EventType "swiss"]
[EventRounds "9"]
[EventCountry "NOR"]
[Source "lmi"]
[SourceDate "2005.10.05"]

1. d4 e6 2. c4 c5 3. Nf3 cxd4 4. Nxd4 Nf6 5. Nc3 Nc6 6. Ndb5 d6 7. e4 a6 8. Na3
Be7 9. Be2 O-O 10. O-O b6 11. Be3 Bb7 12. Qb3 Na5 13. Qxb6 Nxe4 14. Qxd8 Bxd8
15. Nxe4 Bxe4 16. Rad1 Be7 17. Nb1 Rfc8 18. b3 Bb7 19. Nc3 Nc6 20. Na4 Rab8 21.
Bf3 Ne5 22. Bxb7 Rxb7 23. Bf4 f6 24. Rd2 Nxc4 25. bxc4 Rxc4 26. Bxd6 Bxd6 27.
Rxd6 Rxa4 28. Rd2 Kf7 29. Rc1 Rab4 30. g3 Rb1 31. Rxb1 Rxb1+ 32. Kg2 Ra1 33. f4
Ke7 34. Kf3 Rc1 35. Rb2 Rc3+ 36. Ke4 Rc4+ 37. Kd3 Ra4 38. Rb7+ Kf8 39. Rb2 Kf7
40. Ke3 h5 41. Rc2 Kg6 42. Kf3 Kf5 43. Rd2 Ra3+ 44. Kf2 h4 45. Ke1 0-1

[Event "Gausdal Bygger'n Masters"]
[Site "Gausdal NOR"]
[Date "2005.10.05"]
[Round "5.20"]
[White "Silseth, Simon"]
[Black "Hauchard, Arnaud"]
[Result "0-1"]
[WhiteElo "2328"]
[BlackElo "2483"]
[PlyCount "52"]
[EventDate "2005.10.01"]
[EventType "swiss"]
[EventRounds "9"]
[EventCountry "NOR"]
[Source "lmi"]
[SourceDate "2005.10.05"]

1. c4 e5 2. Nc3 Bb4 3. Nf3 Bxc3 4. dxc3 Qe7 5. e4 Nf6 6. Bd3 d6 7. Qe2 Nbd7 8.
Bg5 h6 9. Bd2 Nc5 10. Bc2 Bg4 11. O-O-O a5 12. Kb1 Bh5 13. Ka1 a4 14. Bc1 Nfd7
15. h3 Nb3+ 16. Kb1 Nxc1 17. Kxc1 Qg5+ 18. Qd2 Qxg2 19. Rdg1 Qxf3 20. Bd1 Qxe4
21. Bxh5 g6 22. Be2 Qf4 23. Qxf4 exf4 24. Rg4 g5 25. Rgg1 Ne5 26. f3 Ke7 0-1

[Event "Gausdal Bygger'n Masters"]
[Site "Gausdal NOR"]
[Date "2005.10.05"]
[Round "5.21"]
[White "Hole, Oystein"]
[Black "Tallaksen, Geir Sune"]
[Result "1/2-1/2"]
[WhiteElo "2336"]
[BlackElo "2350"]
[PlyCount "43"]
[EventDate "2005.10.01"]
[EventType "swiss"]
[EventRounds "9"]
[EventCountry "NOR"]
[Source "lmi"]
[SourceDate "2005.10.05"]

1. Nf3 Nf6 2. c4 e6 3. Nc3 c5 4. g3 b6 5. Bg2 Bb7 6. O-O d5 7. cxd5 Nxd5 8.
Nxd5 Bxd5 9. b3 Be7 10. Bb2 O-O 11. Qc2 Bf6 12. Rad1 Nd7 13. d4 cxd4 14. Bxd4
Qc8 15. Qb2 Qb7 16. Ne1 Bxg2 17. Nxg2 Rfd8 18. Ne3 Bxd4 19. Rxd4 Nf6 20. Rfd1
Rxd4 21. Qxd4 h6 22. Rc1 1/2-1/2

[Event "Gausdal Bygger'n Masters"]
[Site "Gausdal NOR"]
[Date "2005.10.05"]
[Round "5.22"]
[White "Antic, Dejan"]
[Black "Richards, Heather"]
[Result "1-0"]
[WhiteElo "2519"]
[BlackElo "2239"]
[PlyCount "43"]
[EventDate "2005.10.01"]
[EventType "swiss"]
[EventRounds "9"]
[EventCountry "NOR"]
[Source "lmi"]
[SourceDate "2005.10.05"]

1. d4 e6 2. c4 d5 3. Nf3 c5 4. cxd5 exd5 5. g3 Nc6 6. Bg2 Nf6 7. O-O Be7 8. Nc3
O-O 9. Be3 Ne4 10. dxc5 Nxc3 11. bxc3 Na5 12. Ne5 Bf6 13. Bd4 Re8 14. Nd3 Bg4
15. Re1 Bg5 16. Nb4 Be6 17. Qc2 Nc4 18. h4 Be7 19. e4 dxe4 20. Bxe4 g6 21. Bxg6
fxg6 22. Rxe6 1-0